| 000 | 00750nam a22001937a 4500 | ||
|---|---|---|---|
| 003 | NUST-PNEC | ||
| 005 | 20170116180717.0 | ||
| 008 | 141022b xxu||||| |||| 00| 0 eng d | ||
| 020 | _a9810137095 | ||
| 040 | _cPNEC | ||
| 082 | _a423 SCH | ||
| 100 |
_9748 _aSchwarz Catherine |
||
| 245 |
_aTimes-Chambers learners' dictionary : an intermediate dictionary for learners of English _cCatherine Schwarz; M A Seaton; John Rader Platt |
||
| 260 |
_aSingapore : _bFederal Publications, _cc.1989. |
||
| 300 |
_a687 p. : _bill. ; _c20 cm. |
||
| 500 | _ahttps://www.worldcat.org/title/times-chambers-learners-dictionary-an-intermediate-dictionary-for-learners-of-english/oclc/220731997&referer=brief_results | ||
| 650 | _xDictionaries. | ||
| 942 |
_2ddc _cBK |
||
| 999 |
_c61237 _d61237 |
||